Microeconomics / (Record no. 1538)

MARC details
000 -LEADER
fixed length control field 01568cam a22002054a 4500
020 ## - INTERNATIONAL STANDARD BOOK NUMBER
ISBN 9780470917565 (alk. paper)
022 ## - INTERNATIONAL STANDARD SERIAL NUMBER
ISSN 9780470917565
050 00 - CALL NUMBER
Classification number HB172
Item number .B46
100 1# - AUTHOR
Personal name Besanko, David,
111 ## - AUTHOR
AUTHOR Ronald R. Braeutigam.
245 10 - TITLE
Title Microeconomics /
Statement of responsibility, etc David A. Besanko, Ronald R. Braeutigam.
250 ## - EDITION
Edition statement 4th ed.
260 ## - PUBLICATION INFORMATION
Place of publication Hoboken, NJ :
Name of publisher John Wiley & Sons,
Year of publication c2010.
300 ## - DESCRIPTION
Number of Pages xx, 726 p. :
Other physical details col. ill. ;
Dimensions 26 cm.
500 ## - NOTES
General note Includes index.
505 ## - FORMATTED CONTENTS NOTE
Table of Content Machine generated contents note: Part 1: Introduction To Microeconomics --<br/>Chapter 1: Analyzing Economic Problems --<br/>Chapter 2: Demand and Supply Analysis --<br/>Part 2: Consumer Theory --<br/>Chapter 3: Consumer Preferences and the Concept of Utility --<br/>Chapter 4: Consumer Choice --<br/>Chapter 5: The Theory of Demand --<br/>Part 3: Production and Cost Theory --<br/>Chapter 6: Inputs and Production Functions --<br/>Chapter 7: Costs and Cost Minimization --<br/>Chapter 8: Cost Curves --<br/>Part 4: Perfect Competition --<br/>Chapter 9: Perfectly Competitive Markets --<br/>Chapter 10: Competitive Markets: Applications --<br/>Part 5: Market Power --<br/>Chapter 11: Monopoly and Monopsony --<br/>Chapter 12: Capturing Surplus --<br/>Part 6: Imperfect Competition and Strategic Behavior --<br/>Chapter 13: Market Structure and Competition --<br/>Chapter 14: Game Theory and Strategic Behavior --<br/>Part 7: Special Topics --<br/>Chapter 15: Risk and Information --<br/>Chapter 16: General Equilibrium --<br/>Chapter 17: Externalities and Public Goods.
650 #0 - SUBJECTS
Topical Term Microeconomics.
700 1# - OTHER AUTHORS
Personal name Braeutigam, Ronald R.
942 ## - ADDED ENTRY ELEMENTS (KOHA)
Koha item type Books

No items available.

Copyright © 2026  MUG Library